000 00585nam a2200193Ia 4500
008 240729s9999 xx 000 0 und d
022 _a2641-4368
245 0 _aNeurobiology of Language
260 _aUnited States
260 _bThe MIT Press
650 _a Language. Linguistic theory. Comparative grammar | Science
650 _a Neurophysiology and neuropsychology
650 _a Philology. Linguistics
650 _a Physiology
650 _aLanguage and Literature
856 _uhttps://doaj.org/toc/507107971d544aeeb935f7c91cb3b0b3
942 _2ddc
942 _cDOAJEJ
999 _c68519
_d68519
945 _a1
_bMadushi Gamage
_c1
_dMadushi Gamage